00430nam a2200133 a 4500008004100000050001700041100001500058245008000073260008600153300000900239350000900248650001700257650002200274091203s2000 ||||||||||||||||| || u aPAPERS/STAFF aChelemu, G10aReport on the ACP-EU Technical centre for agriculture and rural cooperation aKitwebCopperbelt University, Department of Library and Information Studiesc2000 a15p. a0.00 aBIBLIOGRAPHY aNETWORK OPERATION